Chotanagpur ke Adiwasi (Record no. 5497)

MARC details
000 -LEADER
fixed length control field 00289nam a22001217a 4500
005 - DATE AND TIME OF LATEST TRANSACTION
control field 20170724122318.0
008 - FIXED-LENGTH DATA ELEMENTS--GENERAL INFORMATION
fixed length control field 170724b xxu||||| |||| 00| 0 eng d
041 ## - LANGUAGE CODE
Language code of text/sound track or separate title eng
100 ## - MAIN ENTRY--AUTHOR NAME
Personal name Topnoo,Paulush
245 ## - TITLE STATEMENT
Title Chotanagpur ke Adiwasi
260 ## - PUBLICATION, DISTRIBUTION, ETC. (IMPRINT)
Name of publisher Satya Bharti Prakashan
942 ## - ADDED ENTRY ELEMENTS (KOHA)
Koha item type Books
Holdings
Lost status Damaged status Collection code Home library Current library Shelving location Date acquired Source of acquisition Accession Number Koha item type
    LIFE SKILL JRU Library JRU Library SHELF-46-I 24/07/2017 Purchase 19450 Books